| 000 | 00717nam a2200205Ia 4500 | ||
|---|---|---|---|
| 003 | OSt | ||
| 005 | 20250927114722.0 | ||
| 008 | 210210b1998 xxu||||| |||| 00| 0 eng d | ||
| 040 | _cAL | ||
| 041 | _aKannada | ||
| 082 | _a398.2K RAGV | ||
| 100 |
_aRAGHAVA NAMBIYAR (K M). _dರಾಘವ ನಂಬಿಯಾರ್ (ಕೆ ಎಂ) _9240822 |
||
| 245 |
_aVilokana: yakshagana rangabhumiya kurita vimarsha malike. _bವಿಲೋಕನ: ಯಕ್ಷಗಾನ ರಂಗಭೂಮಿಯ ಬಗ್ಗೆ ವಿಮರ್ಶ ಮಾಲಿಕೆ |
||
| 260 |
_aBengaluru. _bIla Prakashana., _c1998 |
||
| 300 | _axii,132 | ||
| 650 |
_aYakshagana _9240823 |
||
| 690 |
_aYakshagana _9240823 |
||
| 906 | _a053302 | ||
| 942 |
_2ddc _cBK |
||
| 999 |
_c101132 _d101132 |
||